Mapping via satellite (Record no. 62046)

MARC details
000 -LEADER
fixed length control field 00763cam a2200217 4500
001 - CONTROL NUMBER
control field ABS61719
008 - FIXED-LENGTH DATA ELEMENTS--GENERAL INFORMATION
fixed length control field 000000n1999 000 0 eng u
035 ## - SYSTEM CONTROL NUMBER
System control number (Sirsi) u103243
100 ## - MAIN ENTRY--PERSONAL NAME
Personal name Harding, J.
245 ## - TITLE STATEMENT
Title Mapping via satellite
260 ## - PUBLICATION, DISTRIBUTION, ETC.
Date of publication, distribution, etc. 1999
490 ## - SERIES STATEMENT
Series statement Geo Informatics
Volume/sequential designation October/November 1999, 24-25(2)
520 ## - SUMMARY, ETC.
Summary, etc. Presents the pilot scheme to develop a satellite communications network for updating digital maps. The project known as MultiMap, is being undertaken by Ordnance Survey and has received backing from the European Space Agency.
590 ## - LOCAL NOTE (RLIN)
Local note ABS
650 ## - SUBJECT ADDED ENTRY--TOPICAL TERM
Topical term or geographic name entry element ORDNANCE SURVEY
650 ## - SUBJECT ADDED ENTRY--TOPICAL TERM
Topical term or geographic name entry element MULTIMAP
650 ## - SUBJECT ADDED ENTRY--TOPICAL TERM
Topical term or geographic name entry element DIGITAL MAPPING
650 ## - SUBJECT ADDED ENTRY--TOPICAL TERM
Topical term or geographic name entry element COMMUNICATIONS NETWORKS
690 ## - LOCAL SUBJECT ADDED ENTRY--TOPICAL TERM (OCLC, RLIN)
Topical term or geographic name as entry element MAPPING AND MEASUREMENT
942 ## - ADDED ENTRY ELEMENTS (KOHA)
Suppress in OPAC 0
Holdings
Withdrawn status Lost status Source of classification or shelving scheme Damaged status Not for loan Home library Current library Shelving location Date acquired Total Checkouts Full call number Barcode Date last seen Copy number Price effective from Koha item type
    Dewey Decimal Classification     London London Journal article 17/12/1999   ABS61719 103243-1001 06/08/2019 1 06/08/2019 Journal article